| 000 | 00805nam a2200241 i 4500 | ||
|---|---|---|---|
| 001 | bg | ||
| 245 | 0 | 0 |
_aAutoCAD 14 PL - podstawy / _cprzekł. z ang. Jan Łuczyński. |
| 246 |
_iTyt. oryg.: _aAutoCAD Release 14 fundamentals |
||
| 260 |
_aWarszawa : _b"Mikom", _c1998. |
||
| 300 |
_a457 s. : _brys. ; _c24 cm + _edyskietka. |
||
| 500 | _aOryg. : "AutoCAD Release 14 fundamentals" 1998. - Przygot. przez firmę Knowledge Works we współpr. z firmą Autodesk. | ||
| 504 | _aIndeks. | ||
| 650 | 9 | _aAutoCAD | |
| 655 | _aPodręczniki | ||
| 020 | _a8371580932 | ||
| 040 | _cBPK | ||
| 041 | 1 |
_apl _hen |
|
| 080 | _a004.42:004.92](07) | ||
| 920 | _a83-7158-093-2 | ||
| 942 | _cKS | ||
| 008 | s pl f |000 0 pol | ||
| 999 |
_c40069 _d40069 |
||
| 856 |
_uhttp://koha.tu.koszalin.pl/cgi-bin/koha/opac-detail.pl?biblionumber=40069 _yKatalog online BPK |
||